| 000 | 07849 a2200601 4500 | ||
|---|---|---|---|
| 005 | 20080826154052.0 | ||
| 008 | 080826t xxu||||| |||| 00| 0 hin d | ||
| 010 | _aHIN-83159 B-304512-538 | ||
| 020 |
_c250.00 _a8181040163 |
||
| 035 | _aHN-55505 | ||
| 035 | _aB-304512-538 | ||
| 037 | _bपु.प्र.अ.प्र /प्रका | ||
| 040 |
_adpl _bHIN |
||
| 082 | _aक | ||
| 100 | _aप्रसाद , जयशंकर | ||
| 245 |
_aप्रसाद की सर्वश्रेष्ठ कहानियां/ _cजयशंकर प्रसाद |
||
| 246 |
_aParshad Kee Sarvshreshath kahaniya _bby Jaishanker Prashad |
||
| 260 |
_aदिल्ली _bरचना प्रकाशन _c2007 |
||
| 270 |
_aए-47, अमर कालोनी, लाजपत नगर _bदिल्ली़ _e110024 |
||
| 300 |
_a240पृ _c22 सेमी (सजिल्द) |
||
| 650 | _aहिन्दी कहानियां | ||
| 650 | _aHindi Novel | ||
| 942 |
_adpl _cHN _kक / प्रसाद _2ddc _hक _mप्रसाद |
||
| 999 |
_c11803 _d11803 |
||